Co to za logo? #7 - Statystyki

Ogólne statystyki
  • Ten quiz został rozwiązany 4 877 razy
    4 776 od ostatniego zresetowania
  • Średni wynik to 10 z 20
Statystyki odpowiedzi
Obrazkowy Odpowiedź % Poprawnych
YouTube
99%
Netflix
98%
Audi
97%
Monopoly
88%
Paypal
88%
BBC
85%
Dell
69%
Dreamworks
66%
Virgin
54%
Reese's
48%
Goodyear
42%
Ray-Ban
35%
New York Times
25%
Tiffany
23%
Guinness
20%
Kellogg's
8%
American Express
6%
Baskin-Robbins
5%
AOL Instant Messenger
3%
Morton's
3%
Nie znaleziono quizów pasujących do podanych kryteriów
Rozkład punktacji
Procent ludzi z każdym wynikiem
Percentyl według liczby udzielonych odpowiedzi
Twoja historia wyników
Nie rozwiązałeś tego quizu od ostatniego zresetowania